书目信息 |
| 题名: |
政治经济学纲要会计学原理纲要
|
|
| 作者: | ;四川省会计专业职务考试必读编写组 编 | |
| 分册: | ||
| 出版信息: | 成都 西南财经大学出版社 1987 |
|
| 页数: | 345页 | |
| 开本: | 19cm | |
| 丛书名: | ||
| 单 册: | ||
| 中图分类: | F0 | |
| 科图分类: | ||
| 主题词: | 政治经济学--考核--自学参考资料 , 会计--考核--自学参考资料 | |
| 电子资源: | ||
| ISBN: | 7-81017-034-1 | |
| 000 | 00863nam0 2200253 45 | |
| 001 | 0187017642 | |
| 005 | 20040423082648.2 | |
| 010 | @a7-81017-034-1@dCNY1.9 | |
| 100 | @a19951113d1987 em y0chiy0121 ea | |
| 101 | 0 | @achi |
| 102 | @aCN@b510000 | |
| 105 | @ay z 000yy | |
| 106 | @ar | |
| 200 | 10 | @a政治经济学纲要会计学原理纲要@Azheng zhi jing ji xue gang yao hui ji xue yuan li gang yao@f四川省《会计专业职务考试必读》编写组编 |
| 210 | @a成都@c西南财经大学出版社@d1987 | |
| 215 | @a345页@d19cm | |
| 300 | @a会计专业职务考试必读;1 | |
| 606 | @a政治经济学@x考核@x自学参考资料 | |
| 606 | @a会计@x考核@x自学参考资料 | |
| 690 | @aF0@v3 | |
| 711 | 02 | @a四川省会计专业职务考试必读编写组@4编@Asi chuan sheng hui ji zhuan ye zhi wu kao shi bi dou bian xie zu |
| 801 | 0 | @aCN@b深圳图书馆@c20040423 |
| 801 | 2 | @aCN@bNLC@c20040423 |
| 905 | @f1@b255256@dF0@e129 | |
| 政治经济学纲要会计学原理纲要/四川省《会计专业职务考试必读》编写组编.-成都:西南财经大学出版社,1987 |
| 345页;19cm |
| 会计专业职务考试必读;1 |
| ISBN 7-81017-034-1:CNY1.9 |
| ● |
| 相关链接 |
|
|
|
|
正题名:政治经济学纲要会计学原理纲要
索取号:F0/129
 
预约/预借
| 序号 | 登录号 | 条形码 | 馆藏地/架位号 | 状态 | 备注 |
| 1 | 0255255 | 001269521 | 第一样本阅览室/ [索取号:F0/129] | 在馆 | |
| 2 | 0255256 | 001269530 | 第一借阅区/ [索取号:F0/129] | 在馆 |